000 00530nam a2200193Ia 4500
008 090123s9999 xx 000 0 und d
082 _b5595
_a891.463/नंदा
100 _aनंदा गुलशन
245 _aकांचन
250 _a1
260 _bमनोरंजन
300 _a148
600 _aनंदा गुलशन
630 _aकांचन
700 _aनंदा गुलशन
700 _aशिरधनकर भानु
730 _aकांचन
942 _cBOOK
999 _c43660
_d43660